Music Quiz

Random Music or Singers Quiz

Folk Singers of the Year Quiz Stats

 Plays Quiz not verified by Sporcle

Challenge
Share
Tweet
Embed
Score 0/13 Timer 05:00
0 Plays Today
Year Singer % Correct
2004June Tabor
54.5%
2012June Tabor
54.5%
2002Martin Carthy
45.5%
2003Eliza Carthy
45.5%
2005Martin Carthy
45.5%
2000Kate Rusby
27.3%
2001Norma Waterson
27.3%
2007Seth Lakeman
18.2%
2008Julie Fowlis
18.2%
2009Chris Wood
18.2%
2010Jon Boden
18.2%
2011Chris Wood
18.2%
2006John Tams
0%

You're not logged in!

Compare scores with friends on all Sporcle quizzes.
OR
Log In

You Might Also Like...

Show Comments

Extras

Top Quizzes Today


Score Distribution

Your Account Isn't Verified!

In order to create a playlist on Sporcle, you need to verify the email address you used during registration. Go to your Sporcle Settings to finish the process.

Report this User

Report this user for behavior that violates our Community Guidelines.

Details: